[Event "Albena Vivacom op"]
[Site "Albena"]
[Date "2015.09.18"]
[Round "6"]
[White "Sotirov, Ilia"]
[Black "Mladenov, Emil"]
[Result "0-1"]
[WhiteElo "1754"]
[BlackElo "2089"]
[PlyCount "88"]
[EventDate "2015.09.14"]
[EventType "swiss"]
[EventRounds "9"]
[EventCountry "BUL"]
[SourceTitle "EXT 2016"]
[Source "ChessBase"]
[SourceDate "2015.10.08"]
[SourceVersion "1"]
[SourceVersionDate "2015.10.08"]
[SourceQuality "1"]

1. d4 g6 2. e4 d5 3. Nc3 dxe4 4. Nxe4 Bg7 5. Nf3 Nd7 6. Bd3 b6 7. 0-0 Ngf6 8. Re1 0-0 9. Ng3 Bb7 10. c3 c5 11. Bg5 h6 12. Bxf6 Bxf6 13. Ne4 Bg7 14. dxc5 bxc5 15. Qe2 Qc7 16. Rad1 Rfe8 17. Bb5 Bc6 18. Bxc6 Qxc6 19. Qc4 Rac8 20. Qd5 Nf6 21. Nxf6+ Bxf6 22. Qc4 e6 23. Qf4 Bg7 24. Rd6 Qb5 25. Qd2 Rb8 26. b3 a5 27. Ne5 Rb7 28. f4 a4 29. c4 Qb4 30. Rb1 Qxd2 31. Rxd2 g5 32. g3 Reb8 33. Rd3 f6 34. Nd7 Rc8 35. Re1 Rc6 36. Kg2 Kf7 37. Kf3 Ke7 38. f5 Rxd7 39. Rxd7+ Kxd7 40. bxa4 exf5 41. Rb1 Bf8 42. a5 Ra6 43. Rb5 Bd6 44. a4 Kc6 0-1

[Event "Albena Vivacom op"]
[Site "Albena"]
[Date "2015.09.17"]
[Round "5"]
[White "Sotirov, Ilia"]
[Black "Anev, Asen"]
[Result "1/2-1/2"]
[WhiteElo "1754"]
[BlackElo "1958"]
[PlyCount "61"]
[EventDate "2015.09.14"]
[EventType "swiss"]
[EventRounds "9"]
[EventCountry "BUL"]
[SourceTitle "EXT 2016"]
[Source "ChessBase"]
[SourceDate "2015.10.08"]
[SourceVersion "1"]
[SourceVersionDate "2015.10.08"]
[SourceQuality "1"]

1. d4 Nf6 2. Nc3 d5 3. Bg5 Bf5 4. e3 e6 5. Bd3 Bxd3 6. cxd3 Be7 7. Nf3 Nbd7 8. 0-0 h6 9. Bh4 0-0 10. h3 c5 11. dxc5 Nxc5 12. Rc1 Qb6 13. d4 Ncd7 14. Qe2 Rac8 15. Rc2 g5 16. Bg3 Ne4 17. Bh2 Nxc3 18. Rxc3 Rxc3 19. bxc3 Rc8 20. Rc1 Ba3 21. Rc2 Qb1+ 22. Ne1 b5 23. Kf1 Nb6 24. f4 Na4 25. fxg5 hxg5 26. Be5 f6 27. Qg4 Rf8 28. Qxe6+ Kg7 29. Bd6 Bxd6 30. Qxd6 Nb6 31. Qe6 1/2-1/2

[Event "Albena Vivacom op"]
[Site "Albena"]
[Date "2015.09.15"]
[Round "2"]
[White "Jordanov, Doichin"]
[Black "Sotirov, Ilia"]
[Result "1-0"]
[WhiteElo "2005"]
[BlackElo "1754"]
[PlyCount "67"]
[EventDate "2015.09.14"]
[EventType "swiss"]
[EventRounds "9"]
[EventCountry "BUL"]
[SourceTitle "EXT 2016"]
[Source "ChessBase"]
[SourceDate "2015.10.08"]
[SourceVersion "1"]
[SourceVersionDate "2015.10.08"]
[SourceQuality "1"]

1. d4 d5 2. c4 e6 3. Bf4 Nf6 4. h3 c5 5. e3 Nc6 6. Nf3 cxd4 7. exd4 Bb4+ 8. Nc3 0-0 9. Be2 dxc4 10. Bxc4 Qa5 11. Bd2 Rd8 12. a3 Bxc3 13. Bxc3 Qc7 14. Qe2 a6 15. 0-0 b5 16. Ba2 Bb7 17. Rac1 Qb6 18. Rfd1 Rac8 19. Qe1 Qa7 20. Ng5 Re8 21. Nf3 Qb8 22. Ne5 Qd6 23. f3 Qe7 24. Nd3 Nb8 25. Nc5 Bd5 26. Bb1 Qd6 27. Qh4 Qd8 28. Qf2 Qc7 29. Bd2 Qd6 30. Qh4 e5 31. dxe5 Qxe5 32. Bg5 Bc4 33. Bxf6 Qxc5+ 34. Bd4 1-0

[Event "Varna op-B 8th"]
[Site "Varna"]
[Date "2014.06.25"]
[Round "7"]
[White "Sotirov, Ilia"]
[Black "Bashirli, Nail Qoshqar"]
[Result "0-1"]
[WhiteElo "1806"]
[BlackElo "1983"]
[PlyCount "76"]
[EventDate "2014.06.19"]
[EventType "swiss"]
[EventRounds "9"]
[EventCountry "BUL"]
[SourceTitle "CBM 161 Extra"]
[Source "ChessBase"]
[SourceDate "2014.08.29"]
[SourceVersion "1"]
[SourceVersionDate "2014.08.29"]
[SourceQuality "1"]

1. d4 Nf6 2. Nc3 d5 3. Bg5 g6 4. Bxf6 exf6 5. e3 Bg7 6. Bd3 f5 7. Nf3 0-0 8. Qd2 c6 9. a4 Nd7 10. 0-0 a5 11. Rab1 Nf6 12. Be2 Ne4 13. Qc1 Qe7 14. Re1 Be6 15. Bf1 Qb4 16. Rd1 Rfe8 17. Ne1 Qd6 18. Ne2 Re7 19. Ng3 Nf6 20. Nf3 Rae8 21. b3 f4 22. exf4 Bg4 23. Rd3 Bxf3 24. Rxf3 h5 25. Nh1 Ne4 26. c3 c5 27. Rd3 cxd4 28. cxd4 Qb4 29. Qe1 Qb6 30. Qd1 Rc8 31. Rb2 Rec7 32. Ng3 Rc1 33. Qe2 Bxd4 34. Ra2 Bxf2+ 35. Kh1 Bxg3 36. hxg3 Nc3 37. Qf2 Rxf1+ 38. Qxf1 Nxa2 0-1

[Event "Varna op-B 8th"]
[Site "Varna"]
[Date "2014.06.22"]
[Round "4"]
[White "Ziaziulkin, Pavel"]
[Black "Sotirov, Ilia"]
[Result "0-1"]
[WhiteElo "1512"]
[BlackElo "1806"]
[PlyCount "84"]
[EventDate "2014.06.19"]
[EventType "swiss"]
[EventRounds "9"]
[EventCountry "BUL"]
[SourceTitle "CBM 161 Extra"]
[Source "ChessBase"]
[SourceDate "2014.08.29"]
[SourceVersion "1"]
[SourceVersionDate "2014.08.29"]
[SourceQuality "1"]

1. e4 e5 2. Nf3 Nc6 3. Bb5 a6 4. Ba4 Nf6 5. 0-0 d6 6. Re1 b5 7. Bb3 Be7 8. c3 Bb7 9. d3 0-0 10. Bg5 Na5 11. Bc2 c5 12. Nbd2 Nc6 13. Bb3 Na5 14. Bxf6 Bxf6 15. Bc2 Nc6 16. Nf1 g6 17. Ne3 Ne7 18. Bb3 Bg7 19. Rc1 Rc8 20. Re2 d5 21. Nxd5 Bxd5 22. exd5 Nxd5 23. Nxe5 Nf4 24. Re4 Bxe5 25. Rxe5 Qxd3 26. Re3 Qxd1+ 27. Rxd1 Rcd8 28. Ree1 Nd3 29. Re2 c4 30. Bc2 Nxb2 31. Rxd8 Rxd8 32. g3 Nd1 33. Bxd1 Rxd1+ 34. Kg2 Rc1 35. Re8+ Kg7 36. Ra8 Rxc3 37. Rxa6 Rc2 38. Rb6 Rb2 39. a3 Rb3 40. Kf1 c3 41. Ke1 Rb1+ 42. Ke2 c2 0-1

[Event "Blagoevgrad op"]
[Site "Blagoevgrad"]
[Date "2013.09.29"]
[Round "2"]
[White "Sotirov, Ilia"]
[Black "Kiryakov, Atanas"]
[Result "1/2-1/2"]
[WhiteElo "1824"]
[BlackElo "1935"]
[PlyCount "95"]
[EventDate "2013.09.28"]
[EventType "swiss"]
[EventRounds "9"]
[EventCountry "BUL"]
[SourceTitle "CBM 156 Extra"]
[Source "ChessBase"]
[SourceDate "2013.10.22"]
[SourceVersion "1"]
[SourceVersionDate "2013.10.22"]
[SourceQuality "1"]

1. d4 Nf6 2. c4 e6 3. Nc3 Bb4 4. a3 Bxc3+ 5. bxc3 d5 6. Nf3 h6 7. e3 0-0 8. Bd3 b6 9. 0-0 Ba6 10. cxd5 Bxd3 11. Qxd3 exd5 12. a4 Re8 13. Ne5 c5 14. c4 cxd4 15. exd4 Nbd7 16. f4 Rc8 17. cxd5 Nxd5 18. Bd2 N5f6 19. Rac1 Rxc1 20. Bxc1 Nxe5 21. fxe5 Rxe5 22. Qd2 Re4 23. Bb2 Qd7 24. Qc2 Qe6 25. Qd3 Re2 26. Bc1 Nd5 27. Qf3 Ra2 28. Qb3 Re2 29. Qf3 Rc2 30. Qd3 Rc3 31. Qd2 Rc4 32. Re1 Qc6 33. Qd1 Rxa4 34. Qg4 Kf8 35. Qe4 Qe6 36. Qh4 Qf6 37. Qg3 Qxd4+ 38. Kh1 g5 39. Qb8+ Kg7 40. Qe8 Nf6 41. Qe2 Qg4 42. Qb2 a6 43. Rf1 Qe6 44. Qf2 b5 45. Bb2 Kg8 46. Qxf6 Qxf6 47. Bxf6 Ra2 48. h3 1/2-1/2

[Event "Veliko Tarnovo op"]
[Site "Veliko Tarnovo"]
[Date "2013.05.05"]
[Round "7"]
[White "Kalchev, Stefan"]
[Black "Sotirov, Ilia"]
[Result "1-0"]
[WhiteElo "2106"]
[BlackElo "1784"]
[PlyCount "87"]
[EventDate "2013.05.01"]
[EventType "swiss"]
[EventRounds "9"]
[EventCountry "BUL"]
[SourceTitle "CBM 154 Extra"]
[Source "ChessBase"]
[SourceDate "2013.06.25"]
[SourceVersion "2"]
[SourceVersionDate "2013.06.25"]
[SourceQuality "1"]

1. e4 e5 2. Nf3 Nc6 3. Bb5 a6 4. Ba4 d6 5. c3 Bd7 6. 0-0 Nf6 7. Re1 Be7 8. d4 0-0 9. h3 b5 10. Bb3 h6 11. Nbd2 Re8 12. Nf1 Bf8 13. Ng3 Na5 14. Bc2 g6 15. b3 c5 16. d5 Nb7 17. Be3 Kh7 18. Qd2 Bg7 19. b4 Qc7 20. a4 Rec8 21. Rec1 Qd8 22. Ra2 a5 23. axb5 Bxb5 24. Rca1 axb4 25. cxb4 Rxa2 26. Rxa2 Bc4 27. Rb2 Qc7 28. b5 Nd7 29. Qc3 Nb6 30. Nd2 Bxd5 31. exd5 Nxd5 32. Qa3 Nb6 33. Ra2 d5 34. f3 f5 35. Nxf5 Ra8 36. Qxa8 Nxa8 37. Rxa8 Qd7 38. Nh4 e4 39. fxe4 Bf6 40. Nxg6 Kg7 41. e5 Bd8 42. Nf4 Qe8 43. Rb8 Qxb5 44. Ne6+ 1-0

[Event "Varna op 6th"]
[Site "Varna"]
[Date "2012.07.20"]
[Round "9"]
[White "Sotirov, Ilia"]
[Black "Sisoev, Robert"]
[Result "1-0"]
[WhiteElo "1802"]
[BlackElo "1672"]
[PlyCount "53"]
[EventDate "2012.07.11"]
[EventType "swiss"]
[EventRounds "9"]
[EventCountry "BUL"]
[SourceTitle "CBM 149 Extra"]
[Source "ChessBase"]
[SourceDate "2012.08.24"]
[SourceVersion "1"]
[SourceVersionDate "2012.08.24"]
[SourceQuality "1"]

1. d4 Nf6 2. Nc3 d5 3. Bg5 Nc6 4. Nf3 Bf5 5. e3 h6 6. Bxf6 exf6 7. Bd3 Qd7 8. a3 a6 9. Bxf5 Qxf5 10. b4 b5 11. 0-0 Be7 12. Re1 Rd8 13. e4 dxe4 14. Nxe4 0-0 15. c3 Rfe8 16. Nh4 Qd7 17. Qf3 Na7 18. Re3 Nc8 19. Rae1 Nb6 20. Nf5 Nd5 21. R3e2 Bf8 22. g4 Nb6 23. Nxh6+ Kh8 24. Nf5 Nc4 25. g5 g6 26. Qh3+ Kg8 27. Nxf6# 1-0

[Event "BUL-ch sf"]
[Site "Plovdiv"]
[Date "2010.01.30"]
[Round "9"]
[White "Ivanov, Tsvetalin"]
[Black "Sotirov, Ilia"]
[Result "1-0"]
[WhiteElo "2142"]
[BlackElo "1996"]
[PlyCount "61"]
[EventDate "2010.01.24"]
[EventType "swiss"]
[EventRounds "9"]
[EventCountry "BUL"]
[SourceTitle "CBM 134 Extra"]
[Source "ChessBase"]
[SourceDate "2010.03.03"]
[SourceVersion "1"]
[SourceVersionDate "2010.03.03"]
[SourceQuality "1"]

1. e4 e5 2. Nf3 Nc6 3. Bb5 d6 4. c3 a6 5. Ba4 Bd7 6. d4 Nge7 7. Bg5 f6 8. Be3 Ng6 9. h4 h5 10. Nbd2 b5 11. Bb3 Na5 12. Bc2 Bg4 13. a4 Be7 14. b4 Nb7 15. Bd3 c6 16. Qb3 Qc8 17. 0-0 Nd8 18. d5 Bd7 19. dxc6 Qxc6 20. axb5 axb5 21. Bxb5 Qb7 22. Bc4 Qc8 23. b5 Nf8 24. Bd5 Rb8 25. b6 Bc6 26. Ra7 Nfe6 27. Rd1 Rb7 28. Nc4 Bxd5 29. Rxd5 Qb8 30. Qa4+ Kf8 31. Ra8 1-0

[Event "BUL-ch sf"]
[Site "Plovdiv"]
[Date "2010.01.25"]
[Round "2"]
[White "Sotirov, Ilia"]
[Black "Pantev, Tsvetelin"]
[Result "0-1"]
[WhiteElo "1996"]
[BlackElo "1721"]
[PlyCount "96"]
[EventDate "2010.01.24"]
[EventType "swiss"]
[EventRounds "9"]
[EventCountry "BUL"]
[SourceTitle "CBM 134 Extra"]
[Source "ChessBase"]
[SourceDate "2010.03.03"]
[SourceVersion "1"]
[SourceVersionDate "2010.03.03"]
[SourceQuality "1"]

1. d4 Nf6 2. Nc3 c5 3. d5 g6 4. e4 d6 5. Bb5+ Nbd7 6. f4 a6 7. Bxd7+ Nxd7 8. Nf3 Bg7 9. Ne2 b5 10. c3 0-0 11. 0-0 Nb6 12. h3 e6 13. dxe6 Bxe6 14. Re1 Qc7 15. Ng5 Bc8 16. Qc2 Bb7 17. Be3 Rae8 18. Ng3 d5 19. Qf2 Rc8 20. e5 Rfe8 21. Rad1 Nc4 22. Bc1 f6 23. exf6 Bxf6 24. Ne6 Qd6 25. f5 Be5 26. Bf4 Rxe6 27. Bxe5 Rxe5 28. fxg6 Rxe1+ 29. Rxe1 hxg6 30. Rf1 Rf8 31. Qe1 Rxf1+ 32. Nxf1 Qe5 33. Qh4 Qc7 34. b3 Nd6 35. Qf6 Nf5 36. Qxg6+ Ng7 37. Ng3 Qc6 38. Qg5 d4 39. Nf5 Qxg2+ 40. Qxg2 Bxg2 41. Kxg2 Nxf5 42. cxd4 cxd4 43. Kf3 Kg7 44. Ke4 Kg6 45. a4 Kg5 46. axb5 axb5 47. b4 Kh4 48. Kxf5 d3 0-1